• 首页
  • 本馆介绍
  • 公告通知
  • 最新文献
  • 馆藏检索
  • 电子资源
  • 读者导购
  • 参考咨询
  • 我的图书馆
  • 登录
  • 详细信息显示
  • 放入我的书架
  • 预约/预借图书
  • 作者相关作品
  • 分类相关作品
  • 丛书相关作品
  • 出版社相关作品

书目信息

  • 表格格式
  • 工作单格式
  • 卡片格式
题名:
道德经说什么
    
 
作者: 罗大伦 著
分册: 4  
出版信息: 北京   北京联合出版公司  2020.11
页数: 470页
开本: 21cm
丛书名: 温故知新·典藏系列
单 册:
中图分类: B223.15 , B821-49
科图分类:
主题词: 道家--dao jia , 人生哲学--ren sheng zhe xue
电子资源:
ISBN: 978-7-5596-4635-4
000 01288nam 2200337 450
001 CAL 0120203115448
005 20230307165945.91
010    @a978-7-5596-4635-4@dCNY79.90
100    @a20201201d2020 em y0chiy0120 ea
101 0  @achi
102    @aCN@b110000
105    @ay z 000yy
106    @ar
200 1  @a道德经说什么@Adao de jing shuo shen me@h4@f罗大伦著
210    @a北京@c北京联合出版公司@d2020.11
215    @a470页@d21cm
225 2  @a温故知新·典藏系列@Awen gu zhi xin · dian cang xi lie
225 2  @a紫图书库@Azi tu shu ku@i国学经典@v032
308    @a本书紫图书库之“2332”
314    @a罗大伦, 中医诊断学博士, 中央电视台《百家讲坛》特邀嘉宾, 北京电视台《养生养》创始人之一、前任主编等职。
330    @a本书内容为《道德经》的第61章-81章, 全书内容贯穿中国文化, 是一本教读者如何调理自己的身心问题, 使身心健康、生活顺遂的书籍。内容包括: 好好“下流”, 好好“守雌” ; 道, 才是活在人间的保障等。
410  0 @12001 @a温故知新·典藏系列
410  0 @12001 @a紫图书库@i国学经典@v032
605    @a道德经@Adao de jing@x研究
606 0  @a道家@Adao jia
606 0  @a人生哲学@Aren sheng zhe xue
690    @aB223.15@v5
690    @aB821-49@v5
701  0 @a罗大伦@Aluo da lun@4著
801  0 @aCN@bBJXHZP@c20230228
905    @b1407230-3@dB223.15@e944:4@f4
    
    道德经说什么.4/罗大伦著.-北京:北京联合出版公司,2020.11
    470页;21cm.-(温故知新·典藏系列).-(紫图书库.国学经典;032)
    
    
    ISBN 978-7-5596-4635-4:CNY79.90
    本书内容为《道德经》的第61章-81章, 全书内容贯穿中国文化, 是一本教读者如何调理自己的身心问题, 使身心健康、生活顺遂的书籍。内容包括: 好好“下流”, 好好“守雌” ; 道, 才是活在人间的保障等。
●
相关链接 在E读中查询图书 在五车中查询图书 在当当中查询图书 在豆瓣中查询图书


正题名:道德经说什么     索取号:B223.15/944:4         预约/预借

序号 登录号 条形码 馆藏地/架位号 状态 备注
1 1407230   214072304   第一样本阅览室/ [索取号:B223.15/944:4] 在馆    
2 1407231   214072313   第一借阅区/ [索取号:B223.15/944:4] 在馆    
3 1407232   214072322   第一借阅区/ [索取号:B223.15/944:4] 在馆    
4 1407233   214072331   第一借阅区/ [索取号:B223.15/944:4] 在馆    
唐山师范学院图书馆 欢迎您!
大连网信软件有限公司© 版权所有